The oxford book of sixteenth century verse /

Guardado en:
Autor Principal: Chambers, E. K.
Formato: Libro
Publicado: Oxford : Clarendon Press, 1966
Materias:
Etiquetas: Agregar Etiqueta
Sin Etiquetas, Sea el primero en etiquetar este registro!
LEADER 00479nam a22001575a 4500
001 EHU.bham008383
003 AR-BHAM
005 20100106142212.0
008 130507s1966##################000#0#####d
082 8 2 |a 821.3 
100 1 |a Chambers, E. K. 
245 1 0 |a The oxford book of sixteenth century verse /  |c E. K. Chambers. 
260 |a Oxford :  |b Clarendon Press,  |c 1966 
300 |a 901 p. 
653 |a Poesia inglesa-1559-1625 
859 |a AR-BHAM  |b BIB. HUMANIDADES - General  |h 821.3  |i Ch355  |p 33.67  |t Ej.1